| 000 | 00995cab a2200277 4500 | ||
|---|---|---|---|
| 001 | WB3009-22 | ||
| 008 | 090401t1994 xxu||||| |||| 00| 0 eng d | ||
| 035 | _a(Sirsi) u29949 | ||
| 041 | _aeng | ||
| 245 | _aCompensation under the 1954 Act | ||
| 260 | _c1994 | ||
| 350 | _a0 | ||
| 490 |
_aEstates Gazette _v(9408) 26 February 1994, 117(1) |
||
| 520 | _aUpdate on case law for compensation under s37 of the Landlord and Tenant Act 1954 amended by Schedule 7 of the Local Government and Housing Act 1989, following the abolition of domestic rates in 1989. | ||
| 650 | _aAPPROPRIATE MULTIPLER | ||
| 650 | _aBUSBY V CO-OPERATIVE INSURANCE SOCIETY LTD | ||
| 650 | _aBUSINESS TENANCY | ||
| 650 | _aCOMPENSATION | ||
| 650 | _aLANDLORD AND TENANT ACT 1954 S37 | ||
| 650 |
_aLANDLORD AND TENANT _96252 |
||
| 650 | _aLOCAL GOVERNMENT AND HOUSING ACT 1989 SCHEDULE 7 | ||
| 650 | _aPEPPER V HART | ||
| 690 | _aLANDLORD AND TENANT-BUSINESS TENANCIES | ||
| 942 | _n0 | ||
| 948 | _c04/03/1997 | ||
| 999 |
_c20148 _d20148 |
||